00918nam a2200229 a 45000010005000000030009000050080041000140400028000550820017000832450139001002600062002393000010003016500032003116500040003436500034003836500030004176500028004476500033004759420012005089990017005209520151005379482CO-ViMGA141112s2004 ck r 000 u spa d aCO-ViMGAbspacCO-ViMGA04a657.835 D59710aPlan General de Contabilidad Pública : bMinisterio de Hacienda y credito público Dirección General de la contabilidad pública aDirección nacional de la Contabilidad pública, c1995 a360p.14aCONTABILIDAD PUBLICA91044014aINFORMACION CONTABLE PUBLICA91044114aLIBROS DE CONTABILIDAD91044214aPATRIMONIO PUBLICO91044314aPROCESO CONTABLE91044414aREGISTRO PRESUPUESTAL910445 2ddccBK c20981d20981 00102ddc40708002aMEVIECARbMEVIECARd2015-12-04hVolumen. 1 | 11/jun/2009l0o657.835 D597 p9482r2018-04-25 00:00:00tEj. 1w2015-12-04yBK